<?xml version="1.0" encoding="UTF-8"?><?xml-stylesheet type="text/xsl" href="static/style.xsl"?><OAI-PMH xmlns="http://www.openarchives.org/OAI/2.0/" xmlns:xsi="http://www.w3.org/2001/XMLSchema-instance" xsi:schemaLocation="http://www.openarchives.org/OAI/2.0/ http://www.openarchives.org/OAI/2.0/OAI-PMH.xsd"><responseDate>2026-04-13T14:22:24Z</responseDate><request verb="GetRecord" identifier="oai:www.recercat.cat:2445/196266" metadataPrefix="marc">https://recercat.cat/oai/request</request><GetRecord><record><header><identifier>oai:recercat.cat:2445/196266</identifier><datestamp>2025-11-19T10:58:22Z</datestamp><setSpec>com_2072_1057</setSpec><setSpec>col_2072_478917</setSpec><setSpec>col_2072_478922</setSpec></header><metadata><record xmlns="http://www.loc.gov/MARC21/slim" xmlns:dcterms="http://purl.org/dc/terms/" xmlns:xsi="http://www.w3.org/2001/XMLSchema-instance" xmlns:doc="http://www.lyncode.com/xoai" xsi:schemaLocation="http://www.loc.gov/MARC21/slim http://www.loc.gov/standards/marcxml/schema/MARC21slim.xsd">
   <leader>00925njm 22002777a 4500</leader>
   <datafield ind2=" " ind1=" " tag="042">
      <subfield code="a">dc</subfield>
   </datafield>
   <datafield ind2=" " ind1=" " tag="720">
      <subfield code="a">Freixa Niella, Montserrat</subfield>
      <subfield code="e">author</subfield>
   </datafield>
   <datafield ind2=" " ind1=" " tag="720">
      <subfield code="a">Dorio Alcaraz, Inmaculada</subfield>
      <subfield code="e">author</subfield>
   </datafield>
   <datafield ind2=" " ind1=" " tag="720">
      <subfield code="a">Figuera Gazo, Pilar</subfield>
      <subfield code="e">author</subfield>
   </datafield>
   <datafield ind2=" " ind1=" " tag="720">
      <subfield code="a">Torrado Fonseca, Mercè</subfield>
      <subfield code="e">author</subfield>
   </datafield>
   <datafield ind2=" " ind1=" " tag="260">
      <subfield code="c">2023-03-30T13:53:30Z</subfield>
   </datafield>
   <datafield ind2=" " ind1=" " tag="260">
      <subfield code="c">2023-03-30T13:53:30Z</subfield>
   </datafield>
   <datafield ind2=" " ind1=" " tag="260">
      <subfield code="c">2021-07-01</subfield>
   </datafield>
   <datafield ind2=" " ind1=" " tag="260">
      <subfield code="c">2023-03-30T13:53:30Z</subfield>
   </datafield>
   <datafield ind2=" " ind1=" " tag="520">
      <subfield code="a">Introducción: Este artículo analiza la transición universitaria, en el primer semestre del primer curso, de los estudiantes de los grados de Educación Social, Educación Infantil y Relaciones Laborales de la Universidad de Barcelona. Se centra en los factores facilitadores e inhibidores de la transición y la conducta de estudio que muestran los estudiantes con diferentes trayectorias académicas previas. Método: Se realiza un estudio descriptivo por encuesta a partir de un cuestionario (cumplimentado por 651 estudiantes) sobre las trayectorias académicas previas de los estudiantes. Resultados: Hay diferencias en las valoraciones de los estudiantes en función de su titulación y trayectoria de acceso. Los estudiantes procedentes de vías profesionalizadoras (ciclos formativos) encuentran más barreras en su proceso de transición y puntúan más alto los factores inhibidores. Se resalta el desajuste académico entre las expectativas iniciales de los estudiantes y el plan de estudios. Se enfatiza el apoyo del entorno y la relación con los compañeros como factor facilitador de la transición. Discusión: Los resultados aconsejan repensar las propuestas de orientación y de acción tutorial hacia modelos holísticos que permitan un contexto institucional más disponible, más flexible y con una mayor capacidad de adaptación a la pluralidad emergente de estudiantes.</subfield>
   </datafield>
   <datafield tag="653" ind2=" " ind1=" ">
      <subfield code="a">Estudiants universitaris</subfield>
   </datafield>
   <datafield tag="653" ind2=" " ind1=" ">
      <subfield code="a">Educació superior</subfield>
   </datafield>
   <datafield tag="653" ind2=" " ind1=" ">
      <subfield code="a">Educació secundària</subfield>
   </datafield>
   <datafield tag="653" ind2=" " ind1=" ">
      <subfield code="a">College students</subfield>
   </datafield>
   <datafield tag="653" ind2=" " ind1=" ">
      <subfield code="a">Higher education</subfield>
   </datafield>
   <datafield tag="653" ind2=" " ind1=" ">
      <subfield code="a">Secondary education</subfield>
   </datafield>
   <datafield ind2="0" ind1="0" tag="245">
      <subfield code="a">Percepción de los factores de transición a la universidad: incidencia de la realidad plural de los estudiantes</subfield>
   </datafield>
   <datafield ind2="0" ind1="0" tag="245">
      <subfield code="a">Percepció dels factors de transició a la universitat: incidència de la realitat plural dels estudiants</subfield>
   </datafield>
   <datafield ind2="0" ind1="0" tag="245">
      <subfield code="a">Perception of factors in the transition to university: the effect of increasingly plural nature of the student body</subfield>
   </datafield>
</record></metadata></record></GetRecord></OAI-PMH>